Estatísticas para Os 15 principais países com mortes por Covid19 - 20 de maio

Clique aqui para jogar o quiz

Estatísticas Gerais

  • Esse quiz foi jogado 3 vezes
  • A pontuação média é 5 de 21

Estatísticas das Respostas

país% Correto
Brasil
100%
China
100%
Estados Unidos
100%
México
100%
Canadá
50%
Itália
50%
Alemanha
0%
Bélgica
0%
Dinamarca
0%
Equador
0%
Espanha
0%
França
0%
Irão
0%
Irlanda
0%
Países Baixos
0%
Portugal
0%
Reino Unido
0%
Suécia
0%
Suécia
0%
Suíça
0%
Turquia
0%

Distribuição das Pontuações

Percentil de Números Respondidos

Porcentagem de Pessoas com Cada Pontuação

Sua Pontuação Histórica

Você não jogou esse quiz